Nalaganje...

Research tehniques in library and information sience

Bibliografske podrobnosti
Glavni avtor: Davies, Dombro L
Format: Printed Book
Izdano: New Delhi Random Publications 2013
Teme:
LEADER 00735nam a22002057a 4500
003 OSt
020 |a 9789382221494 
082 |a 001.42  |b DAV/RE 
100 |a Davies, Dombro L 
245 |a Research tehniques in library and information sience 
260 |a New Delhi  |b Random Publications  |c 2013 
300 |a Vii, 327 Pages 
650 |a Information technology and library documentation 
650 |a Libraries and the internet 
650 |a Online cataloguing 
650 |a Digital research tools in library 
650 |a Knowledge-sharing 
942 |2 ddc  |c BK 
999 |c 130715  |d 130715 
952 |0 0  |1 0  |2 ddc  |4 0  |6 001_420000000000000_DAVRE  |7 0  |9 130615  |a KAUCLV  |b KAUCLV  |c GENERAL  |d 2014-06-16  |g 1450.00  |o 001.42 DAV/RE  |p 223475  |r 2014-06-16  |w 2014-06-16  |y BK